000 01154nam a2200217 a 4500
001 56785
005 20180714052717.0
008 140415s2010 sp 000 0 spa d
020 _a9788499200262
041 _aspa
082 _a940.2
_bDAW
100 1 _aDawson, Christopher,.
245 1 3 _aLA RELIGION Y EL ORIGEN DE LA CULTURA OCCIDENTAL
250 _a1a ed.
260 _aESPAÑA :
_bENCUENTRO,
_c2010
300 _a254
_c15 x 1.5 x 23
520 _aEL COMIENZO DE LA CULTURA OCCIDENTAL DEBE BUSCARSE EN LA NUEVA COMUNIDAD ESPIRITUAL QUE SURGIO DE LAS RUINAS DEL IMPERIO ROMANO DEBIDO A LA CONVERSION DE LOS BARBAROS DEL NORTE A LA FE CRISTIANA. LA IGLESIA CRISTIANA HEREDO LAS TRADICIONES DEL IMPERIO. LLEGO A LOS BARBAROS COMO PORTADORDA DE UNA CIVILIZACION SUPERIOR, FUNDADA EN EL PRESTIGIO DE LA LEY ROMANA Y EN LA AUTORIDAD DEL NOMBRE DE ROMA. LA DESTRUCCION DE LA ORGANIZACIN POLITICA DEL IMPERIO ROMANO HABIA DEJADO UNA GRAN VACIO Q
650 1 4 _aRELIGION Y CULTURA
_xEUROPA
_xHISTORIA
_xSIGLO XX
_xCULTURA
_xORIGEN
_xEUROPA
700 1 _aANDRES-GALLEGO, JOSE
_epról.
740 _aRELIGION AND THE RISE OF WESTERN CULTURE
999 _c56785
_d56785